[Event "Espalion Op"]
[Site "Espalion (12)"]
[Date "2018.07.21"]
[Round "9.22"]
[White "Garde, Guillaume"]
[Black "Boulier, Rene"]
[Result "1/2-1/2"]
[WhiteElo "1405"]
[BlackElo "1590"]
[PlyCount "77"]
[EventDate "2018.07.??"]
[EventType "swiss"]
[EventRounds "9"]
[EventCountry "FRA"]

1. e4 b6 2. d4 e6 3. c4 Bb7 4. Nc3 Bb4 5. Bd3 d5 6. cxd5 Bxc3+ 7. bxc3 exd5 8.
e5 Ne7 9. Nf3 h6 10. Ba3 O-O 11. O-O Re8 12. Qd2 Ba6 13. Bxa6 Nxa6 14. Rfe1 Qd7
15. Rab1 Ng6 16. Qb2 Rac8 17. Qb5 Qxb5 18. Rxb5 c6 19. Rbb1 Nc7 20. Nd2 Nb5 21.
Bb2 Nf4 22. Re3 Ne6 23. Nf3 Nbc7 24. Re2 b5 25. Rc2 Na8 26. Ba1 Nb6 27. Nd2 a5
28. g3 Rb8 29. Kf1 a4 30. a3 Nd7 31. Nf3 Ng5 32. Nxg5 hxg5 33. Bb2 f6 34. f4
fxe5 35. fxe5 Re7 36. Rf2 Rf8 37. Rxf8+ Nxf8 38. Ke2 Ng6 39. Rf1 1/2-1/2

[Event "Espalion Op"]
[Site "Espalion (12)"]
[Date "2018.07.21"]
[Round "9.23"]
[White "Dewilde, Rudi"]
[Black "Marie, Olivier"]
[Result "1/2-1/2"]
[WhiteElo "1272"]
[BlackElo "1544"]
[PlyCount "69"]
[EventDate "2018.07.??"]
[EventType "swiss"]
[EventRounds "9"]
[EventCountry "FRA"]

1. d4 c5 2. c3 b6 3. Nf3 Ba6 4. Bf4 Nf6 5. Nbd2 Qc8 6. e3 Bxf1 7. Nxf1 Qa6 8.
Ng3 Nd5 9. Bxb8 Rxb8 10. Ne2 f5 11. O-O e6 12. Nf4 Nf6 13. Qd3 Qxd3 14. Nxd3
Ne4 15. Rad1 Be7 16. Nd2 Nf6 17. h3 g5 18. Ne5 Bd6 19. f3 h5 20. Kf2 b5 21. Rh1
cxd4 22. exd4 b4 23. c4 Bc7 24. Nb3 h4 25. g3 hxg3+ 26. Kxg3 Nh5+ 27. Kf2 Nf4
28. Kg3 Ne2+ 29. Kf2 Nf4 30. Kg3 Ng6 31. Rde1 Ke7 32. Kf2 Nf4 33. Kg3 Nd3 34.
Re2 Rbg8 35. Nc1 1/2-1/2

[Event "Espalion Op"]
[Site "Espalion (12)"]
[Date "2018.07.21"]
[Round "9.24"]
[White "Garde, Gilles"]
[Black "Callebaut, Katia"]
[Result "0-1"]
[WhiteElo "1384"]
[BlackElo "1253"]
[PlyCount "96"]
[EventDate "2018.07.??"]
[EventType "swiss"]
[EventRounds "9"]
[EventCountry "FRA"]

1. Nf3 Nc6 2. g3 e6 3. Bg2 d5 4. O-O h6 5. b3 Bd6 6. Bb2 f6 7. d3 Nge7 8. Nbd2
Ne5 9. Nxe5 Bxe5 10. d4 Bd6 11. e3 c6 12. c4 h5 13. c5 Bb8 14. Nf3 Nf5 15. h4
Qc7 16. Qe1 g5 17. hxg5 fxg5 18. Ne5 g4 19. Qe2 Rg8 20. Kh2 Qg7 21. Rh1 h4 22.
Bf1 Bxe5 23. dxe5 hxg3+ 24. fxg3 Rh8+ 25. Kg2 Rxh1 26. Kf2 Rh2+ 27. Bg2 Qg5 28.
Bd4 Bd7 29. e4 Nxd4 30. Qd3 Qxe5 31. Re1 O-O-O 32. exd5 Rf8+ 33. Kg1 Rxg2+ 34.
Kxg2 Qxe1 35. Qxd4 Qf1+ 36. Kh2 Rf2+ 37. Qxf2 Qxf2+ 38. Kh1 Qf3+ 39. Kh2 Qxd5
40. a4 Qxc5 41. Kg2 Qc2+ 42. Kh1 e5 43. a5 e4 44. Kg1 e3 45. Kf1 e2+ 46. Ke1
Qd1+ 47. Kf2 e1=Q+ 48. Kg2 Qde2# 0-1

[Event "Espalion Op"]
[Site "Espalion (12)"]
[Date "2018.07.21"]
[Round "9.25"]
[White "Muller-Moingt, Bastien"]
[Black "Martin, Gerard"]
[Result "0-1"]
[WhiteElo "1007"]
[BlackElo "1381"]
[PlyCount "138"]
[EventDate "2018.07.??"]
[EventType "swiss"]
[EventRounds "9"]
[EventCountry "FRA"]

1. e4 e6 2. d4 b6 3. Nc3 Bb7 4. Nf3 Bb4 5. Bd3 Nf6 6. Bg5 Be7 7. O-O d6 8. Re1
O-O 9. Qd2 Nbd7 10. Rad1 Rc8 11. Qe2 c5 12. dxc5 Rxc5 13. Bd2 Qb8 14. a3 d5 15.
e5 Ne4 16. Be3 Nxc3 17. bxc3 Rxc3 18. Bc1 Nc5 19. h3 Nxd3 20. Rxd3 Rxd3 21.
Qxd3 Qa8 22. Ng5 g6 23. Nf3 Rd8 24. Qe3 d4 25. Qb3 Bxf3 26. Qxf3 Qxf3 27. gxf3
Rd5 28. Bb2 Bc5 29. Re4 d3 30. cxd3 Rxd3 31. Kg2 Rd2 32. Bc1 Rxf2+ 33. Kg3 Rc2
34. Bh6 Bf2+ 35. Kg4 Bc5 36. Ra4 a5 37. h4 Rg2+ 38. Kh3 Re2 39. Bc1 Kg7 40. Kg4
h6 41. Kf4 Rh2 42. Kg3 Rc2 43. Bf4 Rc3 44. Kh3 Rxf3+ 45. Kg2 Rxa3 46. Rc4 Ra2+
47. Kf3 a4 48. Ke4 a3 49. Ra4 Rb2 50. Bc1 Rb4+ 51. Rxb4 Bxb4 52. Kd3 a2 53. Bb2
Ba3 54. Ba1 b5 55. Kc3 b4+ 56. Kb3 g5 57. hxg5 h5 58. Kxa2 Kg6 59. Bd4 Kxg5 60.
Kb3 Kg4 61. Kc2 Kf3 62. Kd3 h4 63. Kd2 h3 64. Bg1 Kg2 65. Ke1 Kxg1 66. Ke2 h2
67. Kf3 h1=Q+ 68. Kg3 Qg2+ 69. Kf4 Bc1# 0-1

[Event "Espalion Op"]
[Site "Espalion (12)"]
[Date "2018.07.21"]
[Round "9.26"]
[White "Vandekerckhove, Stefaan"]
[Black "Bessiere, Alain"]
[Result "1-0"]
[WhiteElo "1172"]
[BlackElo "1330"]
[PlyCount "35"]
[EventDate "2018.07.??"]
[EventType "swiss"]
[EventRounds "9"]
[EventCountry "FRA"]

1. d4 g6 2. Nf3 Bg7 3. e3 Nf6 4. Bd3 O-O 5. O-O d6 6. c3 Bg4 7. Re1 c6 8. Nbd2
e5 9. e4 exd4 10. cxd4 Nh5 11. h3 Bxd4 12. hxg4 Bxf2+ 13. Kh2 Bg3+ 14. Kh1 Nf4
15. Bf1 Qb6 16. Nb3 Bxe1 17. Qxe1 Ne6 18. Bh6 1-0

[Event "Espalion Op"]
[Site "Espalion (12)"]
[Date "2018.07.21"]
[Round "9.27"]
[White "Sanchez, Corentin"]
[Black "Daude, Alexandre"]
[Result "0-1"]
[WhiteElo "1199"]
[BlackElo "1352"]
[PlyCount "88"]
[EventDate "2018.07.??"]
[EventType "swiss"]
[EventRounds "9"]
[EventCountry "FRA"]

1. e4 e6 2. Nc3 d5 3. exd5 exd5 4. Nf3 Nf6 5. d4 Bb4 6. Bb5+ c6 7. Bd3 Qa5 8.
Bd2 O-O 9. O-O Bg4 10. a3 Bxc3 11. Bxc3 Qc7 12. Bb4 Re8 13. Bd2 Nbd7 14. c4 Ne4
15. cxd5 Bxf3 16. gxf3 Nxd2 17. Qxd2 cxd5 18. Rac1 Qb6 19. Bf5 Nf8 20. Kh1 Qf6
21. Bg4 g6 22. Qd3 h5 23. Bh3 Ne6 24. Bxe6 Qxe6 25. Rfe1 Qxe1+ 26. Rxe1 Rxe1+
27. Kg2 Rae8 28. Kg3 Rg1+ 29. Kf4 Rg2 30. b4 Rxf2 31. h4 Rh2 32. Kg3 Ree2 33.
Qb5 Reg2+ 34. Kf4 Rxh4+ 35. Ke3 Ra2 36. Qxb7 Rxa3+ 37. Kf2 Rxd4 38. Qc8+ Kg7
39. Qe8 Rdd3 40. Qe5+ Kh7 41. Qf4 Rxf3+ 42. Qxf3 Rxf3+ 43. Kxf3 h4 44. Kg4 d4
0-1